|
|
|
|
| LEADER |
00000nas a2200000 i 4500 |
| 001 |
ssj0001073070 |
| 003 |
WaSeSS |
| 005 |
20200512172242.0 |
| 006 |
m d |
| 007 |
cr n |
| 008 |
131227u20uuuuuurm a| p|s|||||| |0rum d |
| 035 |
|
|
|a (WaSeSS)ssj0001073070
|
| 040 |
|
|
|a WaSeSS
|b eng
|c WaSeSS
|d WaSeSS
|
| 050 |
1 |
4 |
|a HV6005
|
| 245 |
0 |
0 |
|a Forum criminalistic
|h [electronic resource].
|
| 260 |
|
|
|a Bucharest, Romania :
|b Alexandru Ioan cuza Police Academy, Forensic Science Department
|
| 310 |
|
|
|a Annual
|
| 506 |
|
|
|a License restrictions may limit access.
|
| 588 |
|
|
|a Description based on: Volume 5 (1) (January/July 2012); title from article pdf (ProQuest, viewed Dec. 19, 2013).
|
| 588 |
|
|
|a Latest issue consulted: Volume 5 (1) (January/July 2012) (viewed Dec. 19, 2013).
|
| 650 |
|
0 |
|a Crime
|v Periodicals.
|
| 650 |
|
0 |
|a Forensic sciences
|v Periodicals.
|
| 655 |
|
0 |
|a Electronic journals.
|
| 776 |
0 |
8 |
|i Print version:
|t Forum criminalistic
|x 1844-2641
|
| 856 |
4 |
0 |
|z Full text available from Research Library: 01/01/2012 to 01/31/2016
|u https://search.proquest.com/publication/1796429
|